Normal view
MARC view
Entry Topical Term
001 - CONTROL NUMBER
- control field: 53585
003 - CONTROL NUMBER IDENTIFIER
- control field:
005 - DATE AND TIME OF LATEST TRANSACTION
- control field: 20240430142940.0
008 - FIXED-LENGTH DATA ELEMENTS
- fixed length control field: 240430|| aca||aabn | a|a d
040 ## - CATALOGING SOURCE
- Original cataloging agency:
- Transcribing agency:
150 ## - HEADING--TOPICAL TERM
- Topical term or geographic name entry element: France
- Form subdivision: History
- General subdivision: Revolution 1788-1799
- General subdivision: Historiography
670 ## - SOURCE DATA FOUND
- Source citation: Work cat.: ()17813: LEWIS, Gwynne aut 35442, The French revolution :, 1993
